Online ételrendelő

Elmentve itt :
Bibliográfiai részletek
Szerző: Harmath Kata
További közreműködők: Holló Csaba (Témavezető)
Dokumentumtípus: Szakdolgozat
Megjelent: 2013
Tárgyszavak:
Online Access:http://diploma.bibl.u-szeged.hu/50831
LEADER 00699nta a2200181 i 4500
001 dipl50831
005 20211118082106.0
008 150422s2013 hu om 0|| zxx d
040 |a SZTE Diploma Repozitórium  |b hun 
041 |a zxx 
100 1 |a Harmath Kata 
245 1 0 |a Online ételrendelő  |h [elektronikus dokumentum] /  |c Kata Harmath 
246 1 0 |a Online Food Ordering  |h [elektronikus dokumentum] 
260 |c 2013 
650 4 |a Informatika 
700 1 |a Holló Csaba  |e ths 
856 4 0 |u http://diploma.bibl.u-szeged.hu/id/eprint/50831/1/2012_Harmath_Kata_HAKSADT_SZE_SZ.pdf  |z Dokumentum-elérés  
856 4 0 |u http://diploma.bibl.u-szeged.hu/id/eprint/50831/7/2013_harmath_kata_melleklet.tgz  |z Dokumentum-elérés